ENCYCLOPEDIA OFSTRESS (Record no. 20193)
[ view plain ]
| 000 -LEADER | |
|---|---|
| fixed length control field | 00283nam a22001337a 4500 |
| 008 - FIXED-LENGTH DATA ELEMENTS--GENERAL INFORMATION | |
| fixed length control field | 170711b xxu||||| |||| 00| 0 eng d |
| 020 ## - INTERNATIONAL STANDARD BOOK NUMBER | |
| International Standard Book Number | 0122267389 |
| 041 ## - LANGUAGE CODE | |
| Language code of text/sound track or separate title | eng |
| 080 ## - UNIVERSAL DECIMAL CLASSIFICATION NUMBER | |
| Universal Decimal Classification number | 05 |
| 100 ## - Rafti | |
| Rafti | 23 |
| 101 ## - Shkurtesa | |
| Shkurtesa | ENC |
| 245 ## - TITLE STATEMENT | |
| Title | ENCYCLOPEDIA OFSTRESS |
| Statement of responsibility, etc | FINK,G |
| 942 ## - ADDED ENTRY ELEMENTS (KOHA) | |
| Source of classification or shelving scheme | |
| Item type | Books |
| Withdrawn status | Lost status | Source of classification or shelving scheme | Damaged status | Not for loan | Collection code | Permanent location | Current location | Shelving location | Date acquired | Total Checkouts | Full call number | Barcode | Date last seen | Price effective from | Koha item type |
|---|---|---|---|---|---|---|---|---|---|---|---|---|---|---|---|
| Koleksioni i përgjithshem | UBT - Lipjan | UBT - Lipjan | Koleksioni i përgjithshem | 07/11/2017 | R 616.98003 FIN | 002-2912814 | 07/11/2017 | 07/11/2017 | Reference | ||||||
| Koleksioni i përgjithshem | UBT - Lipjan | UBT - Lipjan | Koleksioni i përgjithshem | 07/11/2017 | R 616.98003 FIN | 002-2912809 | 07/11/2017 | 07/11/2017 | Reference | ||||||
| Koleksioni i përgjithshem | UBT - Lipjan | UBT - Lipjan | Koleksioni i përgjithshem | 07/11/2017 | R 616.98003 FIN | 002-2912804 | 12/07/2017 | 07/11/2017 | Reference |